| 000 | 00978nam a22002777a 4500 | ||
|---|---|---|---|
| 001 | 7075 | ||
| 003 | FISKH | ||
| 005 | 20250620092855.0 | ||
| 008 | 250620b cb ||||| |||| 00| 0 eng d | ||
| 020 | _a9780545065931 | ||
| 040 |
_aFISKH _beng _cFISKH _dFISKH |
||
| 050 | _aPZ7 | ||
| 082 | _a597.9 | ||
| 100 | _aLee, Quinlan B. | ||
| 245 |
_aThe magic school bus getsso cold! / _cby Quinlan B. Lee |
||
| 260 |
_aNew York ; _bScholastic, _c2008. |
||
| 300 |
_a16 unnumbered pages : _bcolor illustrations ; _c20 cm |
||
| 490 |
_aPhonics Reading Program : _vBook 9. |
||
| 505 | _aE | ||
| 520 | _aThe Magic School Bus can transform into any shape to take Ms. Frizzle and her class on amazing field trips!. Climb aboard the Magic School Bus to learn about the North Pole and to read words with the long "o" sound. | ||
| 521 | 8 |
_a220
_bLexile |
|
| 521 | 8 |
_aE
_bRaz-Plus |
|
| 650 |
_aLong o _vArctic animals _xPhonics _yWinter |
||
| 942 |
_2ddc _cBK _n0 |
||
| 999 |
_c7075 _d7075 |
||